Регионална библиотека "Любен Каравелов" - Русе

Сеч и меланхолия (Запис номер 486146)

MARC детайли
000 -Лидер
Контролно поле с фиксирана дължина 01837nam a2200349 a 4500
003 - Код на организацията, давaща контролен номер
Контролно поле BLK
005 - Дата и час на последна редакция
Контролно поле 20231010152358.0
008 - Елементи от данни с фиксирана дължина
fixed length control field 200827b bul|||||r ||||||| ||bul||
020 ## - Международен стандартен номер на книга ISBN
Международен стандартен номер на книга ISBN 9786197372458
040 ## - Източник на каталожния запис
Идентификатор на билиотеката - собственик на записа BLK
041 ## - Код за език
Код за езика на текст/звукозапис или на отделно заглавие Български
Код за езика КДБФ Български
080 ## - УДК
Текстов определител УДК Българска литература(изследвания)
УДК код - определител по УДК 821.163.2.09
УДК - код + определител 821.163.2.09(092)
УДК определител (092)
080 ## - УДК
Текстов определител УДК Български поет и литератор
УДК код - определител по УДК 929 Илков, Ани
УДК - код + определител 929 Илков, Ани
100 ## - Редна дума - Автор
Автор Владимирова, Боряна Владимирова
Авторска отговорност първи автор
R(LIN) 344678
139 ## - Редно поле
Редна дума Владимирова, Боряна Владимирова
Авторски знак Илк - И 55
245 10 - Сведения за заглавието
Заглавие Сеч и меланхолия
Подзаглавни данни Литературна анкета с Ани Илков
Редно поле (дума) [интервютата води] Боряна Владимирова
257 ## - Страна на издаване
Страна на създаване/издаване България
260 ## - Област на издателските данни
Място на издаване, разпространение и проч. София
Име на издателя, разпространителя и проч. Изд. център "Боян Пенев"
Година на издаване 2022
9 (RLIN) 391695
Печатница ([София] : Дайрект сървисиз)
300 ## - Физическа характеристика
Страници 199 с.
Размери/Мащаб 21 см
380 ## - Жанр
Жанр Литературознание
490 ## - СЕРИИ (Колекции)
Име на серия Литературни анкети
9 (RLIN) 201749
500 ## - Общи забележки
Забележка Пълната форма на името на интервюираното лице Ани Илков е Ани Илков Асенов. - Изд. на БАН. Институт за лит. - Ани Илков през погледа на другите: с. 184-198. - Рец.: Едвин Сугарев, Владимир Левчев.
600 14 - Име на лице, използвано като предмет
9 (RLIN) 72803
За него / За нея Илков, Ани
650 #0 - Допълнително описание по предмет – тема
Основно описание – тема или топоним Българска литература - критика
9 (RLIN) 241969
653 #7 - Ключова дума – ненормативна
Ключова дума българска литература
9 (RLIN) 182641
852 ## - Местоположение
Форматна сигнатура Цб 314919
Фондова буква Хранилище
856 4# - Електронен адрес и достъп
Електронен формат pdf - файл
Път до файла /url/
Инструкция (цена за достъп) 0.00
Права за достъп disable
856 4# - Електронен адрес и достъп
Електронен формат pdf - файл
Път до файла /url/
Инструкция (цена за достъп) 0.00
Права за достъп disable
942 ## - АРТИКУЛИ
Вид на библиотечния материал Книги
Скрит в OPAC Не
Периодичен библиозапис Да
944 ## - СЪЗДАВАНЕ И РЕДАКЦИЯ на ЗАПИСА
Дата на регистрацията/редакция 2022-12-12
Служител, извършил регистрацията/редакцията 30545
Статус, дата на статуса Нора Радева
999 ## - СИСТЕМНИ КОНТРОЛНИ НОМЕРА
Koha biblionumber 486146
Koha biblioitemnumber 486146
999 ## - СИСТЕМНИ КОНТРОЛНИ НОМЕРА
Koha biblioitemnumber 486146
Наличности
Код за отписване Код за изгубен артикул Източник на класификационната схема Код за повреда Коз за рестрикции Код за отдаване Артикулен № Име на библиотеката - собственик Име на библиотеката, в която се намира в момента Статус (Текущо местоположение) Дата на вписване в системата Местоположение - отдел Цена в лева Систематично азбучна сигнатура Баркод Цена в евро Служебен тип на артикула Инвентарен номер Номерация (Хронология)
  Не е изгубен Universal Decimal Classification Не е повреден само за читалня ползва се в читалня 918281 Регионална библиотека "Любен Каравелов" Русе Регионална библиотека "Любен Каравелов" Русе Хранилище 2022-12-13 Хранилище 14.00 Цб 314919 120000879278 7.16 Книги    
  Не е изгубен Universal Decimal Classification Не е повреден   заемане за дома 934757 Регионална библиотека "Любен Каравелов" Русе Регионална библиотека "Любен Каравелов" Русе Заемна - подръчен фонд 2023-10-23 Заемна - подръчен фонд 14.00 821.163.2.09(092)/И 55 А 120000893920 7.16 Книги 120000893920  
  Не е изгубен Universal Decimal Classification Не е повреден само за читалня ползва се в читалня 934788 Регионална библиотека "Любен Каравелов" Русе Регионална библиотека "Любен Каравелов" Русе Хранилище 2023-10-24 Основен фонд - ползва се само за читалня 14.00 Цб 319676 120000893951 7.16 Книги 120000893951 С автограф от автора.
Vip Innovations Ltd, Rousse, Bulgaria 2025